OBSTETRICA AND GYNECOLOGY FOE POSTGRADUATES VOL 1 (Record no. 480689)

MARC details
000 -LEADER
fixed length control field 00393pam a2200157a 44500
008 - FIXED-LENGTH DATA ELEMENTS--GENERAL INFORMATION
fixed length control field 230515b1999 xxu||||| |||| 00| 0 eng d
020 ## - INTERNATIONAL STANDARD BOOK NUMBER
International Standard Book Number 81 250 1620 1
041 ## - LANGUAGE CODE
Language code of text/sound track or separate title ENGLISH
082 ## - DEWEY DECIMAL CLASSIFICATION NUMBER
Classification number 618.2 RAT
100 ## - MAIN ENTRY--PERSONAL NAME
Personal name RATNAM S.S.
245 ## - TITLE STATEMENT
Title OBSTETRICA AND GYNECOLOGY FOE POSTGRADUATES VOL 1
250 ## - EDITION STATEMENT
Edition statement 2ND
260 ## - PUBLICATION, DISTRIBUTION, ETC.
Place of publication, distribution, etc. NEW DELHI
Name of publisher, distributor, etc. ORIANT LONGMAN
Date of publication, distribution, etc. 1999
300 ## - PHYSICAL DESCRIPTION
Extent 448
650 ## - SUBJECT ADDED ENTRY--TOPICAL TERM
Topical term or geographic name entry element N.D.
Holdings
Withdrawn status Lost status Damaged status Not for loan Home library Current library Shelving location Date acquired Source of acquisition Cost, normal purchase price Total Checkouts Full call number Barcode Date last seen Price effective from Koha item type
        College of Ayurved, Pune College of Ayurved, Pune   01/01/1991 S. K. KOTHARI 550.00   618.2 RAT ACP-PG-1128 28/06/2023 28/06/2023 Book